Every Citizen Soldier Song - Statistics

General Stats
  • This quiz has been taken 55 times
  • The average score is 54 of 112
Answer Stats
Album Track # Answer % Correct
Relentless 3 Devil Inside
86%
This Is Your Sign Part 1 12 Face To Face
86%
ICU 5 My Own Miracle
86%
ICU 1 Afterlife
71%
Caroline 2 Caroline
71%
Down the Rabbit Hole 8 Would Anyone Care
71%
Scarecrow 2 Fever
71%
Scarecrow 6 Golden Weather
71%
Scarecrow 15 Limit (feat. Lo Spirit)
71%
Scarecrow 1 Monster Made of Memories
71%
ICU 6 Reason to Live
71%
Scarecrow 18 Scarecrow
71%
This Is Your Sign Part 1 8 Stronger Than My Storm
71%
Scarecrow 13 Suicide Note
71%
Scarecrow 16 Tattoos
71%
This Is your Sign Part 2 12 This Is Your Sign
71%
Singles 6 Through Hell (feat. Royal Bliss)
71%
ICU Bonus Tracks 4 'Til Death Do Us Part
71%
This Is your Sign Part 2 10 Waiting on the Sun
71%
ICU 8 Wired for Worthless
71%
Scarecrow 3 Anyone But Me
57%
Icarus 11 Burden
57%
Caroline 1 Buried Alive
57%
Icarus 9 Dead-End Life
57%
Scarecrow 11 Still Frame
57%
Icarus 2 Everybody Hates You
57%
Singles 11 Fake Friends (feat. New Medicine)
57%
ICU 14 Good Enough for God
57%
This Is Your Sign Part 1 10 Hallelujah (I'm Not Dead)
57%
ICU 16 ICU
57%
Relentless 1 If These Scars Could Speak
57%
Down the Rabbit Hole 5 I'm Not Okay
57%
Icarus 1 Letdown
57%
Caroline 5 Let It Burn
57%
Scarecrow 7 Let Me Let Go
57%
Relentless 2 Never Good Enough
57%
This Is Your Sign Part 1 6 Pandora's Box
57%
Scarecrow 5 Runaway From Myself
57%
Down the Rabbit Hole 9 Sacred
57%
Icarus 7 Save Me from My Angels
57%
This Is your Sign Part 2 7 Still Breathing
57%
Singles 4 Thank You For Hating Me
57%
Relentless 11 Unbreakable
57%
Relentless 6 Weight of the World
57%
Icarus 3 Where Were You
57%
This Is your Sign Part 2 9 You Are Not Your Past
57%
Caroline 4 15 Minutes of Fame
43%
ICU 4 Alone With Myself
43%
This Is Your Sign Part 1 7 Always December
43%
Singles 5 Bedroom Ceiling
43%
ICU 11 Black Hole Brain
43%
ICU 3 Broken Like Me
43%
ICU 2 Comparison
43%
ICU Bonus Tracks 1 Different Kind of Animal
43%
ICU Bonus Tracks 2 Everyday Hero
43%
Icarus 4 Feels Like a Funeral
43%
Singles 2 First Blood
43%
Icarus 8 Good Old Days
43%
Down the Rabbit Hole 3 Gunshot Lullabies
43%
Singles 10 Heavy (feat. Sky Dxddy)
43%
Down the Rabbit Hole 4 Hope It Haunts You
43%
Icarus 6 Hospital Bed
43%
Scarecrow 12 I Hate Myself
43%
Relentless 10 In Pieces
43%
This Is Your Sign Part 1 5 Invisible
43%
This Is Your Sign Part 1 1 Isolate
43%
ICU Bonus Tracks 3 Life Sentence
43%
Icarus 10 Live Again
43%
ICU 13 Made by Misery
43%
Scarecrow 14 Madhouse
43%
Down the Rabbit Hole 6 Make Hate to Me
43%
This Is your Sign Part 2 2 Numb To Everything
43%
Icarus 5 Rock Bottom
43%
Scarecrow 17 Save Your Story
43%
Relentless 8 Say Goodbye
43%
Singles 8 Say Nothing (feat. Lexx)
43%
This Is your Sign Part 2 4 Screaming In Silence
43%
Caroline 3 Soldier
43%
ICU 15 Strong for Somebody Else
43%
ICU 10 Talk Me Down
43%
Down the Rabbit Hole 10 The Cage
43%
ICU 7 Therapy
43%
Scarecrow 4 This Is Not a Phase
43%
This Is your Sign Part 2 1 Unsaid
43%
Singles 9 Victim or Survivor (feat. Icon for Hire)
43%
Singles 7 Wish I Could Cry (feat. Halocene)
43%
Scarecrow 9 Words That Don't Exist
43%
This Is your Sign Part 2 6 Worst In Me (feat. Loveless)
43%
Relentless 4 Better Place
29%
Singles 3 Bitter
29%
Relentless 9 Cannibal
29%
ICU Bonus Tracks 5 Chasing Your Ghost
29%
Scarecrow 10 Deathbed
29%
Relentless 7 Death of Me
29%
Scarecrow 8 Easy's Never Been This Hard
29%
This Is Your Sign Part 1 2 Empty Cup
29%
Singles 1 Found
29%
ICU 12 Give up to Ghosts
29%
This Is Your Sign Part 1 9 Hand Me Down
29%
This Is Your Sign Part 1 11 If I Surrender
29%
This Is your Sign Part 2 5 Irreplaceable
29%
This Is Your Sign Part 1 4 Just Be Happy
29%
Down the Rabbit Hole 2 Mess of Me
29%
Down the Rabbit Hole 1 My Little Secret
29%
This Is Your Sign Part 1 3 Never Ending Nightmare (feat. Kellin Quinn)
29%
This Is your Sign Part 2 3 Pretend My Pain Away
29%
This Is your Sign Part 2 8 Wanted
29%
This Is your Sign Part 2 11 Who I Am
29%
ICU 17 You Are Enough
29%
Down the Rabbit Hole 7 Forever Damned
14%
Relentless 5 Kill My Memory
14%
ICU 9 Without You
14%
No matching quizzes found
Score Distribution
Percent of People with Each Score
Percentile by Number Answered
Your Score History
You have not taken this quiz